| 000 | 00402nam a2200145Ia 4500 | ||
|---|---|---|---|
| 008 | 220216s9999 xx 000 0 und d | ||
| 100 | _aMartin Justin J | ||
| 245 | 0 | _aFunctionalized silicas for improved natural rubber truck tire valcanizates | |
| 260 |
_bRubber World _c2013 |
||
| 300 | _a19-24 | ||
| 650 | _aNatural rubber | ||
| 650 | _aSilica synthesis | ||
| 700 | _aOkel Timothy A | ||
| 942 | _cJS | ||
| 999 |
_c59634 _d59634 |
||